| 000 | 00000nam 2200000zi 4500 |
| 001 | 9.923059 |
| 003 | CaOODSP |
| 005 | 20241203113656 |
| 006 | m o d f |
| 007 | cr bn||||||||| |
| 008 | 230523t19901990onca ob f000 0 eng d |
| 020 | |a0662180763 |q(print) |
| 040 | |aCaOODSP|beng|erda|cCaOODSP |
| 041 | 0 |aeng|beng|bfre |
| 043 | |an-cn--- |
| 086 | 1 |aEn49-9/1-11-1990E-PDF |
| 086 | 1 |aEn49-24/1-11E |
| 100 | 1 |aMcLeay, D. J. |q(Donald James), |d1943- |eauthor. |
| 245 | 10|aBiological test method : |bacute lethality test using Daphnia spp. |
| 264 | 1|aOttawa, Ontario, Canada : |bEnvironmental Protection, Conservation and Protection, Environment Canada, |c1990. |
| 264 | 4|c©1990 |
| 300 | |a1 online resource (xxi, 57 pages) : |billustrations. |
| 336 | |atext|btxt|2rdacontent |
| 337 | |acomputer|bc|2rdamedia |
| 338 | |aonline resource|bcr|2rdacarrier |
| 490 | 1 |aEnvironmental protection series |
| 500 | |aIssued also in French under title: Méthode d'essai biologique : essai de létalité aiguë sur Daphnia spp. |
| 500 | |a"Report EPS 1/RM/11." |
| 500 | |a"July 1990." |
| 500 | |a"This document was co-authored by Don McLeay … and John Sprague …"--Acknowledgements, page xxi. |
| 500 | |aDigitized edition from print [produced by Environment and Climate Change Canada]. |
| 504 | |aIncludes bibliographical references (pages 37-40). |
| 546 | |aIncludes abstracts in English and French. |
| 650 | 0|aDaphnia|xEffect of water pollution on|zCanada|xTesting. |
| 650 | 0|aWater|xPollution|xToxicology|zCanada. |
| 650 | 0|aAcute toxicity testing|zCanada. |
| 710 | 1 |aCanada. |bEnvironment Canada, |eissuing body. |
| 710 | 1 |aCanada. |bEnvironmental Protection Directorate, |eissuing body. |
| 775 | 08|tMéthode d'essai biologique - essai de létalité aiguë sur Daphnia spp. / |w(CaOODSP)9.606207 |
| 830 | #0|aEnvironmental protection series reports.|w(CaOODSP)9.851520 |
| 856 | 40|qPDF|s2.78 MB|uhttps://publications.gc.ca/collections/collection_2023/eccc/en49/En49-9-1-11-1990-eng.pdf |